| 000 | 00433nam a2200145Ia 4500 | ||
|---|---|---|---|
| 008 | 240126s9999 xx 000 0 und d | ||
| 022 | _a0976-9005 | ||
| 041 | _aEnglish | ||
| 245 | 0 | _aJournal of Intelligent Computing (2011 - | |
| 260 |
_bDigital Information Research Foundation, India and USA _aChennai |
||
| 440 | _aNULL | ||
| 650 | _aComputer Science | ||
| 650 | _aIntelligent,Computing,(2011,-,Computer Science | ||
| 942 | _cJN | ||
| 999 |
_c268133 _d268133 |
||